000 00504nam a22001817a 4500
005 20170703110113.0
010 _aENG-118557
020 _a9789350451137
_c200.00
035 _aEN-102089
037 _bDBAD/PUB
082 _a881
100 _aCharanjeet Kaur
245 _aThe song from the hills /
_cby Charanjeet Kaur
260 _aCalcutta
_bWriters Workshop
_c2015
270 _a162/92,Lake Garden
_bCalcutta
_e700045
300 _a96p.
_b22cm(Hb)
942 _2ddc
_cEN
_h881
_mCHA
999 _c140857
_d140857